Miasta gospodarze letnich igrzysk olimpisjkich - Statystyki

Ogólne statystyki
  • Ten quiz został rozwiązany 2 880 razy
    1 034 od ostatniego zresetowania
  • Średni wynik to 27 z 32
Statystyki odpowiedzi
Rok Kraj Miasto % Poprawnych
1896 Grecja Ateny
99%
2004 Grecja Ateny
99%
1900 Francja Paryż
99%
1924 Francja Paryż
99%
2024 Francja Paryż
99%
1908 Wielka Brytania Londyn
98%
1948 Wielka Brytania Londyn
98%
2012 Wielka Brytania Londyn
98%
1964 Japonia Tokio
95%
2020 Japonia Tokio
95%
1936 III Rzesza Berlin
94%
1960 Włochy Rzym
93%
1980 Związek Radziecki Moskwa
91%
2008 Chiny Pekin
91%
2000 Australia Sydney
91%
1928 Holandia Amsterdam
90%
1992 Hiszpania Barcelona
90%
1952 Finlandia Helsinki
89%
1912 Szwecja Sztokholm
87%
1968 Meksyk Meksyk
86%
1932 Stany Zjednoczone Los Angeles
85%
1984 Stany Zjednoczone Los Angeles
85%
2028 Stany Zjednoczone Los Angeles
85%
1988 Korea Południowa Seul
84%
2016 Brazylia Rio de Janeiro
81%
1972 Niemcy Zachodnie Monachium
74%
1956 Australia Melbourne
63%
1996 Stany Zjednoczone Atlanta
60%
1920 Belgia Antwerpia
59%
1976 Kanada Montreal
56%
2032 Australia Brisbane
34%
1904 Stany Zjednoczone St. Louis
18%
Nie znaleziono quizów pasujących do podanych kryteriów
Rozkład punktacji
Procent ludzi z każdym wynikiem
Percentyl według liczby udzielonych odpowiedzi
Twoja historia wyników
Nie rozwiązałeś tego quizu od ostatniego zresetowania